<?xml version="1.0" encoding="UTF-8"?>
<record
    xmlns:xsi="http://www.w3.org/2001/XMLSchema-instance"
    xsi:schemaLocation="http://www.loc.gov/MARC21/slim http://www.loc.gov/standards/marcxml/schema/MARC21slim.xsd"
    xmlns="http://www.loc.gov/MARC21/slim">

  <leader>02948nam a2200313 i 4500</leader>
  <controlfield tag="003">DO-SdBNP</controlfield>
  <controlfield tag="005">20250917125807.0</controlfield>
  <controlfield tag="007">ta</controlfield>
  <controlfield tag="008">240213s2023    dr co         000 j spa d</controlfield>
  <datafield tag="020" ind1=" " ind2=" ">
    <subfield code="a">9789945643817</subfield>
  </datafield>
  <datafield tag="040" ind1=" " ind2=" ">
    <subfield code="a">DO-SdBNP</subfield>
    <subfield code="b">spa</subfield>
    <subfield code="c">BNPHU</subfield>
    <subfield code="e">rda</subfield>
  </datafield>
  <datafield tag="082" ind1=" " ind2=" ">
    <subfield code="b">T822j</subfield>
    <subfield code="2">22</subfield>
  </datafield>
  <datafield tag="110" ind1="1" ind2=" ">
    <subfield code="a">Rep&#xFA;blica Dominicana.</subfield>
    <subfield code="9">82598</subfield>
    <subfield code="b">Tribunal Constitucional.</subfield>
  </datafield>
  <datafield tag="245" ind1="1" ind2="0">
    <subfield code="a">Juezas de las altas cortes :</subfield>
    <subfield code="b">de la Rep&#xFA;blica Dominicana, sus historias /</subfield>
    <subfield code="c">comisi&#xF3;n Alba Luisa Beard Marcos, Manuel Ulises Bonnelly Vega, Mar&#xED;a del Carmen Santana de Cabrera, Jos&#xE9; Alejandro Vargas Guerrero, Eunisis V&#xE1;squez Acosta</subfield>
  </datafield>
  <datafield tag="264" ind1=" " ind2="1">
    <subfield code="a">Santo Domingo :</subfield>
    <subfield code="b">Tribunal Constitucional,</subfield>
    <subfield code="c">2023.</subfield>
  </datafield>
  <datafield tag="300" ind1=" " ind2=" ">
    <subfield code="a">129 p&#xE1;ginas,  </subfield>
    <subfield code="b">retratos, fotograf&#xED;as</subfield>
    <subfield code="c">29 cm.</subfield>
  </datafield>
  <datafield tag="336" ind1=" " ind2=" ">
    <subfield code="2">rdacontent</subfield>
    <subfield code="a">texto</subfield>
    <subfield code="b">txt</subfield>
  </datafield>
  <datafield tag="337" ind1=" " ind2=" ">
    <subfield code="2">rdamedia</subfield>
    <subfield code="a">sin mediaci&#xF3;n </subfield>
    <subfield code="b">n</subfield>
  </datafield>
  <datafield tag="338" ind1=" " ind2=" ">
    <subfield code="2">rdacarrier</subfield>
    <subfield code="a">volumen</subfield>
    <subfield code="b">nc</subfield>
  </datafield>
  <datafield tag="505" ind1="0" ind2=" ">
    <subfield code="t">Palabras de presentaci&#xF3;n del magistrado presidente Dr. Milton Ray Guevara --</subfield>
    <subfield code="t">Introducci&#xF3;n mag. Alba Luisa Beard Marcos --</subfield>
    <subfield code="t">Galer&#xED;a juezas de las altas cortes y procuradoras generales --</subfield>
    <subfield code="t">Juezas de las altas cortes y procuradoras generales de la Rep&#xFA;blica Dominicana --</subfield>
    <subfield code="g">Jueza de la Corte Penal Internacional, con sede en la Haya, Pa&#xED;ses Bajos --</subfield>
    <subfield code="t">Olga Venecia Herrera Carbuccia --</subfield>
    <subfield code="t">Jueza de la Corte Interamericana de Derecho Humanos de la Organizaci&#xF3;n de los Estados Americanos (OEA) --</subfield>
    <subfield code="t">Rhadys Abreu de Polanco --</subfield>
    <subfield code="g">Juezas de la Junta Central Electoral (JCE) --</subfield>
    <subfield code="t">Olga Altagracia Seijas Herrero (&#x2020;) --</subfield>
    <subfield code="t">Aura Celeste Fern&#xE1;ndez Rodr&#xED;guez --</subfield>
    <subfield code="t">Ana Teresa P&#xE9;rez B&#xE1;ez --</subfield>
    <subfield code="g">Juezas de la Suprema Corte de Justicia (SCJ) --</subfield>
    <subfield code="t">Margarita A. Tavares (&#x2020;) --</subfield>
    <subfield code="t">Ana Rosa Berg&#xE9;s Dreyfous (&#x2020;) --</subfield>
    <subfield code="t">Enilda Reyes P&#xE9;rez --</subfield>
    <subfield code="t">Eglys Margarita Esmurdoc --</subfield>
    <subfield code="t">Dulce Mar&#xED;a Rodr&#xED;guez Blanco --</subfield>
    <subfield code="t">Martha Olga Garc&#xED;a Santamar&#xED;a (&#x2020;) --</subfield>
    <subfield code="t">Sara Henr&#xED;quez Mar&#xED;n --</subfield>
    <subfield code="t">Esther Elisa Agel&#xE1;n Casanovas --</subfield>
    <subfield code="t">Pilar Jim&#xE9;nez Ort&#xED;z --</subfield>
    <subfield code="t">Nancy I. Salcedo Fern&#xE1;ndez --</subfield>
    <subfield code="t">Vanessa Elizabeth Acosta Peralta --</subfield>
    <subfield code="t">Mar&#xED;a Garabito Ram&#xED;rez --</subfield>
    <subfield code="g">Juezas del Tribunal Constitucional (TC) --</subfield>
    <subfield code="t">Leyda Margarita Pi&#xF1;a Medrano --</subfield>
    <subfield code="t">Katia Miguelina Jim&#xE9;nez Mart&#xED;nez --</subfield>
    <subfield code="t">Ana Isabel Bonilla Hern&#xE1;ndez  --</subfield>
    <subfield code="t">Alba Luisa Beard Marcos  --</subfield>
    <subfield code="t">Eunisis V&#xE1;squez Acosta --</subfield>
    <subfield code="t">Mar&#xED;a del Carmen Santana de Cabrera --</subfield>
    <subfield code="g">Juezas del Tribunal Superior Electoral (TSE) --</subfield>
    <subfield code="t">Mabel Ybelca F&#xE9;liz B&#xE1;ez --</subfield>
    <subfield code="t">Rafaelina Peralta Arias --</subfield>
    <subfield code="t">Cristian Perdomo Hern&#xE1;ndez --</subfield>
    <subfield code="t">Rosa P&#xE9;rez de Garc&#xED;a --</subfield>
    <subfield code="t">Hermenegilda del Rosario Fondeur Ram&#xED;rez --</subfield>
    <subfield code="g">Procuradoras Generales de la Rep&#xFA;blica Dominicana --</subfield>
    <subfield code="t">Pura Luz N&#xFA;&#xF1;ez --</subfield>
    <subfield code="t">Carmen Sem&#xED;ramis Olivo de Pichardo --</subfield>
    <subfield code="t">M&#xED;riam Germ&#xE1;n Brito /</subfield>
  </datafield>
  <datafield tag="590" ind1=" " ind2=" ">
    <subfield code="a">Inventariado, 2024/ YL</subfield>
  </datafield>
  <datafield tag="700" ind1="1" ind2=" ">
    <subfield code="a">Beard Marcos, Alba Luisa </subfield>
    <subfield code="e">comisi&#xF3;n </subfield>
    <subfield code="9">84886</subfield>
  </datafield>
  <datafield tag="700" ind1="1" ind2=" ">
    <subfield code="a">Bonnelly Vega, Manuel Ulises </subfield>
    <subfield code="9">84887</subfield>
  </datafield>
  <datafield tag="700" ind1="1" ind2=" ">
    <subfield code="a">Santana de Cabrera, Mar&#xED;a del Carmen </subfield>
    <subfield code="9">84888</subfield>
  </datafield>
  <datafield tag="700" ind1="1" ind2=" ">
    <subfield code="a">Vargas Guerrero, Jos&#xE9; alejandro </subfield>
    <subfield code="9">84889</subfield>
  </datafield>
  <datafield tag="700" ind1="1" ind2=" ">
    <subfield code="a">V&#xE1;squez Acosta, Eunisis</subfield>
    <subfield code="9">84890</subfield>
  </datafield>
  <datafield tag="910" ind1=" " ind2=" ">
    <subfield code="a">YLockward</subfield>
  </datafield>
  <datafield tag="942" ind1=" " ind2=" ">
    <subfield code="2">ddc</subfield>
    <subfield code="c">LBS1</subfield>
  </datafield>
  <datafield tag="952" ind1=" " ind2=" ">
    <subfield code="0">0</subfield>
    <subfield code="1">0</subfield>
    <subfield code="2">ddc</subfield>
    <subfield code="5">1</subfield>
    <subfield code="7">0</subfield>
    <subfield code="8">PD</subfield>
    <subfield code="a">BNPHU</subfield>
    <subfield code="b">BNPHU</subfield>
    <subfield code="c">CT</subfield>
    <subfield code="d">2023-10-10</subfield>
    <subfield code="e">Tribunal Constitucional</subfield>
    <subfield code="l">0</subfield>
    <subfield code="o">BNPHU PD T822j</subfield>
    <subfield code="p">2024-1065</subfield>
    <subfield code="r">2024-02-13</subfield>
    <subfield code="w">2024-02-13</subfield>
    <subfield code="y">LBS1</subfield>
  </datafield>
  <datafield tag="952" ind1=" " ind2=" ">
    <subfield code="0">0</subfield>
    <subfield code="1">0</subfield>
    <subfield code="2">ddc</subfield>
    <subfield code="5">1</subfield>
    <subfield code="7">0</subfield>
    <subfield code="8">PD</subfield>
    <subfield code="a">BNPHU</subfield>
    <subfield code="b">BNPHU</subfield>
    <subfield code="c">CT</subfield>
    <subfield code="d">2023-10-10</subfield>
    <subfield code="e">Tribunal Constitucional</subfield>
    <subfield code="l">0</subfield>
    <subfield code="o">BNPHU PD T822j</subfield>
    <subfield code="p">2024-1066</subfield>
    <subfield code="r">2024-02-13</subfield>
    <subfield code="t">e. 2</subfield>
    <subfield code="w">2024-02-13</subfield>
    <subfield code="y">LBS1</subfield>
  </datafield>
  <datafield tag="952" ind1=" " ind2=" ">
    <subfield code="0">0</subfield>
    <subfield code="1">0</subfield>
    <subfield code="2">ddc</subfield>
    <subfield code="5">6</subfield>
    <subfield code="7">0</subfield>
    <subfield code="8">DS</subfield>
    <subfield code="a">BNPHU</subfield>
    <subfield code="b">BNPHU</subfield>
    <subfield code="c">CT</subfield>
    <subfield code="d">2023-10-10</subfield>
    <subfield code="e">Tribunal Constitucional</subfield>
    <subfield code="l">0</subfield>
    <subfield code="o">BNPHU DS T822j</subfield>
    <subfield code="p">2024-1067</subfield>
    <subfield code="r">2024-02-13</subfield>
    <subfield code="t">e. 3</subfield>
    <subfield code="w">2024-02-13</subfield>
    <subfield code="y">LBS1</subfield>
  </datafield>
  <datafield tag="952" ind1=" " ind2=" ">
    <subfield code="0">0</subfield>
    <subfield code="1">0</subfield>
    <subfield code="2">ddc</subfield>
    <subfield code="5">6</subfield>
    <subfield code="7">0</subfield>
    <subfield code="8">DS</subfield>
    <subfield code="a">BNPHU</subfield>
    <subfield code="b">BNPHU</subfield>
    <subfield code="c">CT</subfield>
    <subfield code="d">2023-10-10</subfield>
    <subfield code="e">Tribunal Constitucional</subfield>
    <subfield code="l">0</subfield>
    <subfield code="o">BNPHU DS T822j</subfield>
    <subfield code="p">2024-1068</subfield>
    <subfield code="r">2024-02-13</subfield>
    <subfield code="t">e. 4</subfield>
    <subfield code="w">2024-02-13</subfield>
    <subfield code="y">LBS1</subfield>
  </datafield>
  <datafield tag="952" ind1=" " ind2=" ">
    <subfield code="0">0</subfield>
    <subfield code="1">0</subfield>
    <subfield code="2">ddc</subfield>
    <subfield code="5">6</subfield>
    <subfield code="7">0</subfield>
    <subfield code="8">DS</subfield>
    <subfield code="a">BNPHU</subfield>
    <subfield code="b">BNPHU</subfield>
    <subfield code="c">CT</subfield>
    <subfield code="d">2023-10-10</subfield>
    <subfield code="e">Tribunal Constitucional</subfield>
    <subfield code="l">0</subfield>
    <subfield code="o">BNPHU DS T822j</subfield>
    <subfield code="p">2024-1069</subfield>
    <subfield code="r">2024-02-13</subfield>
    <subfield code="t">e. 5</subfield>
    <subfield code="w">2024-02-13</subfield>
    <subfield code="y">LBS1</subfield>
  </datafield>
  <datafield tag="999" ind1=" " ind2=" ">
    <subfield code="c">55937</subfield>
    <subfield code="d">55937</subfield>
  </datafield>
</record>
